000 01121cad a22002175a 4500
001 L153404
008 110720s2011 xxk f 000 0 eng d
035 _a(Sirsi) u153404
041 0 _aeng
110 2 _aConstruction Industry Council
_92417
245 0 0 _aClient leadership on health and safety
_ba good practice guidance document produced by CIC for professionals to actively engage with clients on health and safety leadership
_h[electronic resource]
260 _aLondon
_bCIC
_c2011
520 _aThe overall success of a project is dependent on how effectively the client leads on health and safety. This guidance has been produced to assist professionals in a dialogue with clients and includes case studies to demonstrate the benefits of leading on health and safety.
590 _aKA
651 4 _aUnited Kingdom
_y
690 _aMANAGEMENT-HEALTH AND SAFETY
710 1 _aConstruction Clients' Group
710 1 _aGreat Britain
_bHealth and Safety Executive
856 4 0 _uhttps://www.cic.org.uk/activities/CICClientSafetyLeadership0611.pdf
_zView this item free of charge at www.cic.org.uk
942 _n0
999 _c112499
_d112499